|
|
|
|
| LEADER |
01010nam a2200241 a 4500 |
| 001 |
4278295 |
| 008 |
091003s1985 cau b 001 0 eng d |
| 010 |
|
|
|a \\\85018413
|
| 020 |
|
|
|a 0803924887
|
| 040 |
|
|
|a DLC
|c DLC
|d DLC
|
| 082 |
0 |
0 |
|a 361.6/1/072
|2 19
|
| 100 |
1 |
|
|a Rossi, Peter H.
|q (Peter Henry),
|d 1921-2006.
|
| 245 |
1 |
0 |
|a Evaluation :
|b a systematic approach /
|c Peter H. Rossi, Howard E. Freeman.
|
| 250 |
|
|
|a 3rd ed.
|
| 260 |
|
|
|a Beverly Hills :
|b Sage,
|c c1985.
|
| 300 |
|
|
|a 423 p. ;
|c 24 cm.
|
| 504 |
|
|
|a Includes bibliographical references (p. 401-414) and indexes.
|
| 541 |
1 |
|
|e 00003378
|
| 650 |
|
0 |
|a Evaluation research (Social action programs)
|
| 700 |
1 |
|
|a Freeman, Howard E.
|
| 852 |
4 |
|
|a Ayesha Abed Library
|j General shelf
|
| 999 |
|
|
|c 4177
|d 4177
|
| 952 |
|
|
|0 0
|1 0
|2 ddc
|4 0
|6 361_610720000000000_ROS
|7 0
|9 3841
|a BRACUL
|b BRACUL
|c GEN
|d 2009-10-03
|g 0.00
|l 0
|o 361.61072 ROS
|p 3010003378
|r 2009-10-03
|t 1
|w 2009-10-03
|y BK
|x No price found in the accession register ; Previously missing book recovered on 15 September 2025
|